Sports Quiz

Random Sports or Baseball Quiz

Safe Cracker: Sports Quiz Stats

 Plays Quiz Updated Feb 2, 2018

Score 0/39 Timer 04:00
0 Plays Today
Combination % Correct
????
100%
????
96.9%
????
81.1%
????
73.3%
????
63.8%
????
60.5%
????
55.1%
????
54.4%
????
48.1%
????
38.5%
????
37.1%
????
36.7%
????
35%
????
34.1%
????
31%
????
28.8%
????
27.9%
????
27.6%
????
22.4%
????
20.8%
Combination % Correct
????
19.9%
????
19.5%
????
19.1%
????
18.8%
????
18.6%
????
18%
????
17.6%
????
16.7%
????
16.1%
????
15.5%
????
14.8%
????
14.3%
????
13.9%
????
13.8%
????
10.8%
????
9.7%
????
8.8%
????
7.8%
????
7.4%

You're not logged in!

Compare scores with friends on all Sporcle quizzes.
OR
Log In

You Might Also Like...

Show Comments

Extras

Top Quizzes Today


Score Distribution

Your Account Isn't Verified!

In order to create a playlist on Sporcle, you need to verify the email address you used during registration. Go to your Sporcle Settings to finish the process.

Report this User

Report this user for behavior that violates our Community Guidelines.

Details: